ბათუმის შოთა რუსთაველის სახელმწიფო უნივერსიტეტის ბიბლიოთეკა

ქართული კერძო სამართლის კრებული = Collected articles in the Georgian private law : (ბიბ.ჩანაწერი № 36263)

000 -ლიდერი
ფიქსირებული სიგრძის საკონტროლო ველი 01705nam a2200289Ia 4500
001 - საკონტროლო ნომერი
საკონტროლო ველი 2169
003 - საკონტროლო ნომრის იდენტიფიკატორი
საკონტროლო ველი GE_BSU
005 - ბოლო ოპერაციის თარიღი და დრო
საკონტროლო ველი 20190513143623.0
008 - ფიქსირებული სიგრძის მონაცემთა ელემენტები - ზოგადი ინფორმაცია
ფიქსირებული სიგრძის საკონტროლო ველი 181216s2004||||ge |||||||||||||| ||geo||
020 ## - წიგნის საერთაშორისო სტანდარტული ნომერი
International Standard Book Number 9994072943
040 ## - კატალოგიზაციის წყარო
Transcribing agency GE_BSU
041 ## - ენის კოდი
Language code of text/sound track or separate title geo
080 ## - უნივერსალური ათობითი კლასიფიკაციის ინდექსი
Universal Decimal Classification number 340(479.22) ქ-27
245 ## - ცნობა სათაურის შესახებ
Title ქართული კერძო სამართლის კრებული = Collected articles in the Georgian private law :
Remainder of title წ. 1 /
Statement of responsibility, etc ავტ.: გიორგი ცერცვაძე, ალექსანდრე იოსელიანი, როინ მიგრიაული, ოთარ ზოიძე, ზურაბ ჭეჭელაშვილი, ლელა ინწკირველი, ნინო ჭიპაშვილი
264 ## - წარმოების, გამოცემის, დისტრიბუციის და სხვა ცნობები
გამოცემის, წარმოების, დისტრიბუციის... ადგილი თბილისი :
გამოცემის, წარმოების, დისტრიბუციის... თარიღი საია,
გამოცემის, წარმოების, დისტრიბუციის... სახელწოდება 2004.
300 ## - ფიზიკური აღწერა
Extent 350 გვ.
Other physical details 24 სმ.
653 ## - INDEX TERM--UNCONTROLLED
Uncontrolled term სამართალი
653 ## - INDEX TERM--UNCONTROLLED
Uncontrolled term სამოქალაქო სამართალი
653 ## - INDEX TERM--UNCONTROLLED
Uncontrolled term ქართული კერძო სამართალი
653 ## - INDEX TERM--UNCONTROLLED
Uncontrolled term საქართველოს სამეწარმეო სამართალი
700 ## - ADDED ENTRY--PERSONAL NAME
Personal name ცერცვაძე, გიორგი
Relator term ავტორი
9 (RLIN) 935
700 ## - ADDED ENTRY--PERSONAL NAME
Personal name იოსელიანი, ალექსანდრე
Relator term ავტორი
9 (RLIN) 1055
700 ## - ADDED ENTRY--PERSONAL NAME
Personal name მიგრიაული, როინ და სხვ.
Relator term ავტორი
9 (RLIN) 1056
700 ## - ADDED ENTRY--PERSONAL NAME
Personal name მენაღარიშვილი, მაია
9 (RLIN) 936
Relator term რედაქტორი
700 ## - ADDED ENTRY--PERSONAL NAME
Personal name სესიაშვილი, ირაკლი
Relator term რედაქტორი
9 (RLIN) 936
942 ## - ADDED ENTRY ELEMENTS (KOHA)
Koha item type წიგნი
Source of classification or shelving scheme
ეგზემპლარები
ჩამოწერის სტატუსი დაკარგული ეგზემპლარის სტატუსი კლასიფიკაციის წყარო ან თაროზე გაწყობის სქემა დაზიანების სტატუსი არ გაიცემა მუდმივი მდებარეობა (დაცვის ადგილი) ამჟამინდელი ადგილსამყოფელი თაროზე განთავსების ადგილი შეძენის თარიღი ღირებულება, შესყიდვის ნორმალური ფასი სრული შენახვის შიფრი შტრიხკოდი ბოლო ოპერაციის თარიღი ეგზემპლარის მიმდევრობითი ნომერი (კეტერი?) ფასის ძალაში შესვლის თარიღი ეგზემპლარის სახეობა საჯარო შენიშვნა
          ბათუმის შოთა რუსთაველის სახელმწიფო უნივერსიტეტის მთავარი ბიბლიოთეკა ბათუმის შოთა რუსთაველის სახელმწიფო უნივერსიტეტის მთავარი ბიბლიოთეკა წიგნსაცავი 2018-12-17 15.00 340(479.22) ქ-27 4183 2018-12-17 4183 2018-12-17 წიგნი 15 ლ.
          ბათუმის შოთა რუსთაველის სახელმწიფო უნივერსიტეტის მთავარი ბიბლიოთეკა ბათუმის შოთა რუსთაველის სახელმწიფო უნივერსიტეტის მთავარი ბიბლიოთეკა წიგნსაცავი 2023-02-08 15.00 340(479.22) ქ-27 63683 2023-02-08 63683 2023-02-08 წიგნი 15.00
          ბათუმის შოთა რუსთაველის სახელმწიფო უნივერსიტეტის მთავარი ბიბლიოთეკა ბათუმის შოთა რუსთაველის სახელმწიფო უნივერსიტეტის მთავარი ბიბლიოთეკა წიგნსაცავი 2023-02-08 15.00 340(479.22) ქ-27 63684 2023-02-08 63684 2023-02-08 წიგნი 15.00
          ბათუმის შოთა რუსთაველის სახელმწიფო უნივერსიტეტის მთავარი ბიბლიოთეკა ბათუმის შოთა რუსთაველის სახელმწიფო უნივერსიტეტის მთავარი ბიბლიოთეკა წიგნსაცავი 2023-02-08 15.00 340(479.22) ქ-27 63685 2023-02-08 63685 2023-02-08 წიგნი 15.00